Keralathile nattupakshikal (കേരളത്തിലെ നാട്ടുപക്ഷികൾ) (Record no. 104356)

MARC details
000 -LEADER
fixed length control field nam a22 7a 4500
005 - DATE AND TIME OF LATEST TRANSACTION
control field 20200220130030.0
008 - FIXED-LENGTH DATA ELEMENTS--GENERAL INFORMATION
fixed length control field 200201b ||||| |||| 00| 0 eng d
020 ## - INTERNATIONAL STANDARD BOOK NUMBER
International Standard Book Number
080 ## - UNIVERSAL DECIMAL CLASSIFICATION NUMBER
Universal Decimal Classification number 598.2(540.69)=M
Item number JAY/K
100 ## - MAIN ENTRY--PERSONAL NAME
Personal name Jayakumari, T. R
245 ## - TITLE STATEMENT
Title Keralathile nattupakshikal (കേരളത്തിലെ നാട്ടുപക്ഷികൾ)
260 ## - PUBLICATION, DISTRIBUTION, ETC. (IMPRINT)
Place of publication, distribution, etc Thrissur
Name of publisher, distributor, etc Seed books
Date of publication, distribution, etc 2018
300 ## - PHYSICAL DESCRIPTION
Extent 96p.
653 ## - INDEX TERM--UNCONTROLLED
Uncontrolled term Ornithology - Malayalam literature
653 ## - INDEX TERM--UNCONTROLLED
Uncontrolled term Nattupakshikal - Kerala study
700 ## - ADDED ENTRY--PERSONAL NAME
Personal name Vinodkumar. R
942 ## - ADDED ENTRY ELEMENTS (KOHA)
item type Books
Holdings
Lost status Source of classification or shelving scheme Not for loan Home library Current library Date acquired Cost, normal purchase price Total Checkouts Full call number Barcode Date last seen Price effective from Koha item type
  Universal Decimal Classification   University Library University Library 01/02/2020 0.00   598.2(540.69)=M JAY/K 00089179 01/02/2020 01/02/2020 Books
University Library, CUSAT